Регионална библиотека "Любен Каравелов" - Русе

Лирика (Запис номер 184943)

MARC детайли
000 -Лидер
Контролно поле с фиксирана дължина 02377nam a2200325 c 4500
003 - Код на организацията, давaща контролен номер
Контролно поле BLK
005 - Дата и час на последна редакция
Контролно поле 20230813003913.0
008 - Елементи от данни с фиксирана дължина
fixed length control field 180411b bul|||||r ||||||| ||bul||
010 ## - Наследен системен номер
LC control number KNG00193920000
040 ## - Източник на каталожния запис
Идентификатор на билиотеката - собственик на записа BLK
041 ## - Код за език
Код за езика на текст/звукозапис или на отделно заглавие Български
Код за езика КДБФ Български
080 ## - УДК
Текстов определител УДК Руска литература
УДК код - определител по УДК 821.161.1
УДК определител -1
УДК - код + определител 821.161.1-1
100 1# - Редна дума - Автор
Автор Есенин, Сергей Александрович
Авторска отговорност първи автор
R(LIN) 67611
139 ## - Редно поле
Редна дума Есенин, Сергей Александрович
Авторски знак Есе - Е 86
245 10 - Сведения за заглавието
Заглавие Лирика
Редно поле (дума) Сергей Александрович Есенин; подб. и ред. Кирил Крумов Кадийски; с предг. от Андрей Димитров Германов; прев. от рус. Кирил Крумов Кадийски.
257 ## - Страна на издаване
Страна на създаване/издаване СССР
260 ## - Област на издателските данни
-- София
Име на издателя, разпространителя и проч. Нар. култура
Година на издаване 1980
300 ## - Физическа характеристика
Страници 239 с., 1 л. портр.
Размери/Мащаб 17 см
380 ## - Жанр
Жанр Худож. лит.
500 ## - Общи забележки
Забележка Други прев.: А. Стоянов, А. Германов, А. Миланов, Д. Дамянов, Н. Фурнаджиев, П. Стефанов, Б. Димитрова, М. Исаев, Н. Кехлибарева, Хр. Радевски, Е. Багряна, Т. Харманджиев, Ив. Радоев, Хр. Банковски, Й. Милев, Л. Исаева, Д. Златев, Св. Жеков, В. Хинкова, Ив. Бонев, Н. Йорданов ; Истинското име на прев. Е. Багряна е Елисавета Любомирова Белчева, а на Т. Харманджиев - Тодор Александров Илиев ; Пълното име на прев. М. Исаев е Младен Исаев Младенов, на А. Миланов - Александър Миланов Александров, а на П. Стефанов - Първан Стефанов Рангелов. - 20 125 тир.
700 1# - Други автори (авторска отговорност)
Лично име Кадийски, Кирил Крумов
Автороска отговорност (Описва отношението между автора и произведението) подб. и ред.
9 (RLIN) 364061
700 1# - Други автори (авторска отговорност)
Лично име Германов, Андрей Димитров
Дати, свързани с автора 1932-1981
9 (RLIN) 53612
700 1# - Други автори (авторска отговорност)
Лично име Кадийски, Кирил Крумов
Автороска отговорност (Описва отношението между автора и произведението) прев. от рус.
9 (RLIN) 364061
852 ## - Местоположение
Форматна сигнатура Цб І 18518
856 4# - Електронен адрес и достъп
Електронен формат pdf - файл
Път до файла /url/
856 4# - Електронен адрес и достъп
Електронен формат pdf - файл
Път до файла /url/
942 ## - АРТИКУЛИ
Вид на библиотечния материал Книги
Скрит в OPAC Не
Koha issues (borrowed), all copies 2
944 ## - СЪЗДАВАНЕ И РЕДАКЦИЯ на ЗАПИСА
Създаване/Редакция Създаване
Дата на регистрацията/редакция 19.10.2016
Служител, извършил регистрацията/редакцията
Статус, дата на статуса CRON CRON
944 ## - СЪЗДАВАНЕ И РЕДАКЦИЯ на ЗАПИСА
Създаване/Редакция Редакция
Дата на регистрацията/редакция 19.10.2016
Служител, извършил регистрацията/редакцията Кина_Георгиева
999 ## - СИСТЕМНИ КОНТРОЛНИ НОМЕРА
Koha biblionumber 184943
Koha biblioitemnumber 184943
Наличности
Код за отписване Код за изгубен артикул Източник на класификационната схема Код за повреда Коз за рестрикции Код за отдаване Артикулен № Име на библиотеката - собственик Име на библиотеката, в която се намира в момента Статус (Текущо местоположение) Дата на вписване в системата Местоположение - отдел Цена в лева Инвентарен номер Систематично азбучна сигнатура Баркод Номер на екземпляра Цена в евро Служебна бележка Служебен тип на артикула
  Не е изгубен Universal Decimal Classification Не е повреден без рестрикции ползва се в читалня 320068 Регионална библиотека "Любен Каравелов" Русе Регионална библиотека "Любен Каравелов" Русе Хранилище 1980-01-01 Хранилище 1.88 316941 Цб І 18518 120000316941 1 0.96 N: стар фонд Дата: 01.01.1980 Книги
  Не е изгубен Universal Decimal Classification Не е повреден без рестрикции заемане за дома 320069 Регионална библиотека "Любен Каравелов" Русе Регионална библиотека "Любен Каравелов" Русе Заемна - подръчен фонд 1980-01-01 Заемна - подръчен фонд 0.00 629512 П 882-1/Е 86 120000629512 2 0.00 N: стар фонд Дата: 01.01.1980 Дата инв: 09.02.2018 Бележки инв: П2018 Книги
Изтеглен Не е изгубен Universal Decimal Classification Не е повреден без рестрикции заемане за дома 320070 Регионална библиотека "Любен Каравелов" Русе Регионална библиотека "Любен Каравелов" Русе Заемна - подръчен фонд 1980-01-01 Заемна - подръчен фонд 1.88 317540 П 882-1/Е 86 317540 3 0.96 N: стар фонд Дата: 01.01.1980 Книги
Изтеглен Не е изгубен Universal Decimal Classification Не е повреден без рестрикции заемане за дома 320071 Регионална библиотека "Любен Каравелов" Русе Регионална библиотека "Любен Каравелов" Русе Заемна - подръчен фонд 1980-01-01 Заемна - подръчен фонд 1.88 317539 П 882-1/Е 86 317539 4 0.96 N: стар фонд Дата: 01.01.1980 Книги
Изтеглен Не е изгубен Universal Decimal Classification Не е повреден без рестрикции заемане за дома 320072 Регионална библиотека "Любен Каравелов" Русе Регионална библиотека "Любен Каравелов" Русе Заемна - подръчен фонд 1980-01-01 Заемна - подръчен фонд 1.88 317537 П 882-1/Е 86 317537 5 0.96 N: стар фонд Дата: 01.01.1980 Дата инв: 09.02.2018 Бележки инв: П2018 Книги
Vip Innovations Ltd, Rousse, Bulgaria 2025